Statistics for Mystery Country #10

Click here to take the quiz!

General Stats

  • This quiz has been taken 173 times
  • The average score is 13 of 17

Answer Stats

AnswersClues% Correct
Galapagos2. What Ecuadorian island chain was famously visited by Charles Darwin?
100%
1. Name the only country starting with YThe Mystery Country is not in South America
100%
Jerusalem3. What city's walled area has Muslim, Christian, Jewish, and Armenian quarters?
96%
Cape Verde4. What island nation was uninhabited until it was colonized by Portugal in the 1400's?
92%
The Mystery Country is not in Oceania
89%
In the Mystery Country you should drive on the right side of the road
82%
Patagonia5. What region consists of southern Argentina and southern Chile?
81%
Solomon Islands6. What country includes the island of Guadalcanal?
79%
The Mystery Country has a population of 17 million people
74%
Steppe7. What word, starting with S, is a term for the dry grasslands that stretch from Mongolia to Ukraine?
69%
The Mystery Country is not landlocked
68%
Cologne8. What city in Germany shares its name with a type of men's fragrance?
63%
The Mystery Country is:
55%
The Mystery Country was the first country to legalize same-sex marriage
55%
In the Mystery Country they speak a Germanic language
53%
Answer to Q1 is YemenNetherlands
53%
The Mystery Country has 3 horizontal stripes in its flag
49%

Score Distribution

Percentile by Number Answered

Percent of People with Each Score

Your Score History

You have not taken this quiz